Statistiken für Länder die das meiste Reis Wachsen

Klicken Sie hier um das Quiz zu spielen!

Allgemein

  • Dieses Quiz wurde 48 mal gespielt
  • Das Durchschnittsergebnis liegt bei 8 aus 10

Antwortstatistiken

TonnenCountry% Korrekt
211MChina
100%
54MIndonesien
91%
177MIndien
89%
43MVietnam
87%
28MThailand
83%
26MMyanmar
76%
54MBangladesch
72%
11MPakistan
72%
19MPhilippinen
59%
10MBrasilien
37%

Verteilung der Resultate

Perzentil nach korrekt beantworteten Fragen

Anzahl Personen mit jedem Resultat

Ihre Resultats-Entwicklung

Sie haben dieses Quiz noch nicht gespielt